Large dams in India: environmental, social and economic impacts (Record no. 492044)

000 -LEADER
fixed length control field 00504cam a22001457a 4500
008 - FIXED-LENGTH DATA ELEMENTS--GENERAL INFORMATION
fixed length control field 180718b2002 xxu||||| |||| 00| 0 eng d
082 ## - DEWEY DECIMAL CLASSIFICATION NUMBER
Classification number V431x54 Si64
245 ## - TITLE STATEMENT
Title Large dams in India: environmental, social and economic impacts
Statement of responsibility, etc. edited by Shekhar Singh and Pranab Banerji
260 ## - PUBLICATION, DISTRIBUTION, ETC.
Place of publication, distribution, etc. New Delhi
Name of publisher, distributor, etc. Indian Institute of Public Administration
Date of publication, distribution, etc. 2002
300 ## - PHYSICAL DESCRIPTION
Extent 338p.
650 ## - SUBJECT ADDED ENTRY--TOPICAL TERM
Topical term or geographic name entry element Dams - India
650 ## - SUBJECT ADDED ENTRY--TOPICAL TERM
Topical term or geographic name entry element Dams - Environmental aspects - India
700 ## - ADDED ENTRY--PERSONAL NAME
Personal name Banerji, Pranab
700 ## - ADDED ENTRY--PERSONAL NAME
Personal name Singh, Shekhar
Holdings
Withdrawn status Lost status Damaged status Not for loan Permanent Location Current Location Date acquired Full call number Barcode Date last seen Price effective from Koha item type
        Indian Institute of Public Administration Indian Institute of Public Administration 2018-08-04 V431x54 Si64 GR15908 2018-08-04 2018-08-04 GR
        Indian Institute of Public Administration Indian Institute of Public Administration 2018-08-04 V431x54 Si64 GR15907 2018-08-04 2018-08-04 GR
        Indian Institute of Public Administration Indian Institute of Public Administration 2018-08-04 V431x54 Si64 GR15906 2018-08-04 2018-08-04 GR
        Indian Institute of Public Administration Indian Institute of Public Administration 2018-08-04 V431x54 Si64 GR15905 2018-08-04 2018-08-04 GR

Powered by Koha